[Event "DM 2021 Basis G7"]
[Site "Svendborg"]
[Date "2021.10.21"]
[Round "4.7"]
[White "Haagen Larsen, Hans"]
[Black "Hansen, Martin"]
[Result "0-1"]
[WhiteElo "1655"]
[BlackElo "1711"]
[PlyCount "48"]
[EventDate "2021.10.18"]
[EventType "swiss"]
[EventRounds "7"]
[EventCountry "DEN"]

1. b4 c6 2. Bb2 Nf6 3. Nf3 e6 4. a3 Be7 5. c4 b6 6. e3 O-O 7. Nc3 Bb7 8. Be2 d5
9. d4 dxc4 10. Bxc4 Nbd7 11. Qc2 Rc8 12. Bd3 g6 13. Ne4 Nxe4 14. Bxe4 Nf6 15.
Ne5 Nxe4 16. Qxe4 Qd5 17. Qg4 Ba6 18. Rc1 Qb3 19. Nxc6 Rxc6 20. Rxc6 Qxb2 21.
Rc7 Qa1+ 22. Qd1 Qxa3 23. Qb1 Bxb4+ 24. Kd1 Bd3 0-1

[Event "DM 2021 Basis G7"]
[Site "Svendborg"]
[Date "2021.10.21"]
[Round "4.8"]
[White "Li, Anna Sofie"]
[Black "Kaergaard, Sissel"]
[Result "1-0"]
[WhiteElo "1340"]
[BlackElo "1666"]
[PlyCount "41"]
[EventDate "2021.10.18"]
[EventType "swiss"]
[EventRounds "7"]
[EventCountry "DEN"]

1. d4 d5 2. c4 e6 3. Nf3 Nf6 4. Nc3 Be7 5. e3 O-O 6. b3 Nbd7 7. Bd3 c6 8. Bb2
b6 9. Qc2 Bb7 10. O-O Qc7 11. Rac1 e5 12. dxe5 dxc4 13. bxc4 Ng4 14. e6 fxe6
15. Bxh7+ Kh8 16. Qg6 Nde5 17. Nxe5 Nxe5 18. Qh5 Bg5 19. Ne4 Bh6 20. Bxe5 Qf7
21. Qxh6 1-0

[Event "DM 2021 Basis G7"]
[Site "Svendborg"]
[Date "2021.10.21"]
[Round "4.9"]
[White "Jensen, Klaus Bo"]
[Black "Kristiansen, Peter"]
[Result "0-1"]
[WhiteElo "1069"]
[BlackElo "1736"]
[PlyCount "39"]
[EventDate "2021.10.18"]
[EventType "swiss"]
[EventRounds "7"]
[EventCountry "DEN"]

1. e4 c6 2. d4 d5 3. e5 Bf5 4. Nf3 e6 5. a3 a6 6. g3 Nd7 7. Bg2 c5 8. O-O Ne7
9. b4 cxd4 10. Nxd4 Nxe5 11. Nxf5 Nxf5 12. Bb2 Nc4 13. Bc1 Be7 14. Re1 O-O 15.
Nc3 Bf6 16. Qf3 Nd4 17. Qd3 Nb5 18. Nxb5 Bxa1 19. Nc3 Bxc3 20. Qxc3 0-1

[Event "DM 2021 Basis G7"]
[Site "Svendborg"]
[Date "2021.10.21"]
[Round "4.10"]
[White "Skytte, Robert"]
[Black "Kreiman, Steffanie Riis"]
[Result "1-0"]
[WhiteElo "1247"]
[BlackElo "1023"]
[PlyCount "53"]
[EventDate "2021.10.18"]
[EventType "swiss"]
[EventRounds "7"]
[EventCountry "DEN"]

1. e4 e5 2. d4 Nc6 3. Nf3 d6 4. Bc4 h6 5. O-O Bg4 6. h3 Bh5 7. c3 Qf6 8. Be2
exd4 9. Qd3 a6 10. Bd1 Nge7 11. Nxd4 Bxd1 12. Rxd1 Nxd4 13. cxd4 c5 14. d5 Ng6
15. Nc3 Be7 16. b3 O-O 17. Bb2 Qg5 18. Bc1 Qe5 19. Bb2 Nf4 20. Qf3 Bh4 21. Na4
Qg5 22. Bc1 f5 23. Bxf4 fxe4 24. Bxg5 exf3 25. Bxh4 Rf4 26. Be7 Re8 27. Bxd6
1-0

[Event "DM 2021 Basis G7"]
[Site "Svendborg"]
[Date "2021.10.22"]
[Round "5.1"]
[White "Gregor, Bjarke"]
[Black "Hollesen, Kurt"]
[Result "1-0"]
[WhiteElo "2071"]
[BlackElo "1886"]
[PlyCount "89"]
[EventDate "2021.10.18"]
[EventType "swiss"]
[EventRounds "7"]
[EventCountry "DEN"]

1. e4 c6 2. d4 d5 3. Nd2 dxe4 4. Nxe4 Nf6 5. Nxf6+ exf6 6. c3 Bd6 7. Bd3 O-O 8.
Qc2 Re8+ 9. Ne2 g6 10. h4 c5 11. h5 f5 12. hxg6 fxg6 13. Bb5 Bd7 14. Qb3+ Be6
15. d5 Bd7 16. Bd3 b5 17. c4 b4 18. Bd2 a5 19. Qc2 a4 20. a3 b3 21. Qc1 Be5 22.
Bc3 Qf6 23. Kf1 Bc8 24. Qe3 f4 25. Bxe5 Qxe5 26. Qxe5 Rxe5 27. Nxf4 Bf5 28. Re1
Nd7 29. Bxf5 Rxf5 30. Nd3 Nb6 31. Rh4 Raf8 32. f3 Nd7 33. Re7 R5f7 34. Rhe4
Rxe7 35. Rxe7 Rf7 36. Re6 Kf8 37. Ra6 Re7 38. Kf2 g5 39. Rxa4 Nb6 40. Ra5 Nxc4
41. Rxc5 Ne3 42. d6 Nd1+ 43. Kg3 Rd7 44. Rc8+ Kg7 45. Rc7 1-0

[Event "DM 2021 Basis G7"]
[Site "Svendborg"]
[Date "2021.10.22"]
[Round "5.2"]
[White "Andersen, Rune Egede"]
[Black "Zander, Emil"]
[Result "0-1"]
[WhiteElo "1999"]
[BlackElo "1774"]
[PlyCount "70"]
[EventDate "2021.10.18"]
[EventType "swiss"]
[EventRounds "7"]
[EventCountry "DEN"]

1. e4 c5 2. c3 d5 3. exd5 Qxd5 4. d4 Nc6 5. Nf3 Nf6 6. dxc5 Qxc5 7. Be3 Qd5 8.
Nbd2 e5 9. Bc4 Qd6 10. Ng5 Nd8 11. Qb3 Qc7 12. O-O-O h6 13. Nge4 Nxe4 14. Nxe4
Be7 15. Rxd8+ Bxd8 16. Bxf7+ Kf8 17. Bg6 b6 18. f4 Ba6 19. Qa3+ Be7 20. Qxa6
Qc6 21. fxe5 Qxg6 22. Qb7 Re8 23. Qd5 Qf7 24. e6 Qg6 25. h4 Rd8 26. Rf1+ Kg8
27. Qe5 Kh7 28. h5 Qg4 29. Nf2 Qe2 30. Qf5+ Kg8 31. Qf7+ Kh7 32. Qg6+ Kg8 33.
Qf7+ Kh7 34. Qf5+ Kg8 35. Ng4 Rf8 0-1

[Event "DM 2021 Basis G7"]
[Site "Svendborg"]
[Date "2021.10.22"]
[Round "5.3"]
[White "Svendsen, Peter Willer"]
[Black "Gottschalck, Christian"]
[Result "1/2-1/2"]
[WhiteElo "1954"]
[BlackElo "1673"]
[PlyCount "82"]
[EventDate "2021.10.18"]
[EventType "swiss"]
[EventRounds "7"]
[EventCountry "DEN"]

1. e4 d5 2. exd5 Nf6 3. d4 Nxd5 4. Nf3 Bg4 5. Bc4 e6 6. O-O Be7 7. Re1 c6 8. c3
Nd7 9. Nbd2 O-O 10. Ne4 N7f6 11. Ng3 Qc7 12. h3 Bxf3 13. Qxf3 Bd6 14. Ne4 Nxe4
15. Rxe4 Nf6 16. Rh4 Qa5 17. Bd2 Be7 18. Re1 Bd6 19. b4 Qd8 20. Bd3 g6 21. Bh6
Re8 22. Bg5 Be7 23. Re5 Kg7 24. Qe3 Ng8 25. Qf4 Bxg5 26. Rxg5 Qf6 27. Qg3 h6
28. Re5 Rad8 29. Rf4 Qe7 30. Qf3 Rd5 31. Rfe4 Nf6 32. Re1 Rxe5 33. Rxe5 Nd5 34.
Bc4 Qf6 35. Bxd5 cxd5 36. Qe3 Rc8 37. a4 Rc4 38. Qg3 g5 39. Re3 Qf4 40. Kf1
Qxg3 41. Rxg3 Kf6 1/2-1/2

[Event "DM 2021 Basis G7"]
[Site "Svendborg"]
[Date "2021.10.22"]
[Round "5.5"]
[White "Haarh, Simon Bjork"]
[Black "Gehrig, Bruno"]
[Result "1-0"]
[WhiteElo "1397"]
[BlackElo "1690"]
[PlyCount "99"]
[EventDate "2021.10.18"]
[EventType "swiss"]
[EventRounds "7"]
[EventCountry "DEN"]

1. e4 e5 2. Nf3 Nc6 3. d4 exd4 4. Nxd4 Nf6 5. Nxc6 bxc6 6. e5 Qe7 7. Qe2 Nd5 8.
c4 Nb6 9. Nc3 Qe6 10. Qe4 d5 11. exd6 Qxe4+ 12. Nxe4 cxd6 13. Bf4 d5 14. cxd5
Bb4+ 15. Bd2 Bxd2+ 16. Kxd2 Nxd5 17. Nd6+ Ke7 18. Nxc8+ Raxc8 19. a3 Rhd8 20.
Kc2 a5 21. Bc4 Kf6 22. Rad1 Rb8 23. Bxd5 cxd5 24. Rhe1 Rb5 25. Re2 Rdb8 26. Kb1
Rc5 27. Rd4 Rcb5 28. Ka2 R8b6 29. Rf4+ Kg6 30. Rc2 f5 31. a4 Rb4 32. Rxb4 Rxb4
33. b3 Kf6 34. Rc5 Rd4 35. Rxa5 Rd2+ 36. Ka3 Ke5 37. Ra7 g5 38. a5 Kd4 39. Rc7
Rxf2 40. a6 Rf1 41. Rc2 Re1 42. b4 Kd3 43. Kb3 Rb1+ 44. Rb2 Ra1 45. b5 d4 46.
Ra2 Rb1+ 47. Ka4 Kc4 48. a7 Rb4+ 49. Ka5 Rxb5+ 50. Ka6 1-0

[Event "DM 2021 Basis G7"]
[Site "Svendborg"]
[Date "2021.10.22"]
[Round "5.6"]
[White "Christensen, Michael Leon"]
[Black "Li, Anna Sofie"]
[Result "1-0"]
[WhiteElo "1698"]
[BlackElo "1340"]
[PlyCount "117"]
[EventDate "2021.10.18"]
[EventType "swiss"]
[EventRounds "7"]
[EventCountry "DEN"]

1. d4 d5 2. c4 dxc4 3. e3 e5 4. Bxc4 exd4 5. Qxd4 Qxd4 6. exd4 Nf6 7. Nf3 Bd6
8. O-O O-O 9. b3 Bf5 10. Bb2 Nc6 11. Nbd2 Rad8 12. d5 Ne7 13. Bxf6 gxf6 14.
Rfe1 Bb4 15. Re2 Nxd5 16. Ne4 Bxe4 17. Rxe4 Kh8 18. a3 Bc3 19. Rd1 f5 20. Rh4
Nf6 21. Rxd8 Rxd8 22. g3 Ne4 23. Bxf7 Bb2 24. a4 Rd3 25. Kg2 Rxf3 26. Kxf3 Ng5+
27. Kf4 Nxf7 28. Kxf5 Kg7 29. Ke6 Be5 30. Rh5 Kg6 31. Rxe5 Nxe5 32. Kxe5 Kf7
33. f4 a6 34. Kd5 Kf6 35. g4 Ke7 36. g5 Kf7 37. f5 Ke7 38. h4 Kf7 39. h5 Kg7
40. Kc5 Kf7 41. b4 Kg7 42. b5 axb5 43. axb5 Kf7 44. Kd5 Kg7 45. Ke6 Kf8 46. g6
hxg6 47. hxg6 c5 48. bxc6 bxc6 49. Kd6 Kg7 50. Kxc6 Kf6 51. Kd7 Kg7 52. Ke7 Kh8
53. f6 Kg8 54. f7+ Kg7 55. f8=Q+ Kxg6 56. Qf6+ Kh7 57. Qg5 Kh8 58. Kf7 Kh7 59.
Qh4# 1-0

[Event "DM 2021 Basis G7"]
[Site "Svendborg"]
[Date "2021.10.22"]
[Round "5.7"]
[White "Hansen, Martin"]
[Black "Skarved, Mattias"]
[Result "1-0"]
[WhiteElo "1711"]
[BlackElo "1437"]
[PlyCount "57"]
[EventDate "2021.10.18"]
[EventType "swiss"]
[EventRounds "7"]
[EventCountry "DEN"]

1. e4 c5 2. Nf3 Nc6 3. d4 cxd4 4. Nxd4 Nf6 5. Nc3 d6 6. Be2 g6 7. Be3 Bg7 8.
O-O O-O 9. f4 a6 10. Qd2 Ng4 11. Bxg4 Bxg4 12. Nf3 Bd7 13. Rad1 b5 14. Nd5 Rb8
15. Nd4 Na5 16. b3 Nb7 17. f5 Nc5 18. Nc3 b4 19. Nd5 Nxe4 20. Qe1 Bxd4 21. Bxd4
Bxf5 22. g4 e6 23. Nxb4 Qg5 24. Kh1 Bxg4 25. Qxe4 Bxd1 26. Nc6 Bxc2 27. Qf3 d5
28. Bf6 Qd2 29. Ne7# 1-0

[Event "DM 2021 Basis G7"]
[Site "Svendborg"]
[Date "2021.10.22"]
[Round "5.8"]
[White "Kristiansen, Peter"]
[Black "Haagen Larsen, Hans"]
[Result "1-0"]
[WhiteElo "1736"]
[BlackElo "1655"]
[PlyCount "79"]
[EventDate "2021.10.18"]
[EventType "swiss"]
[EventRounds "7"]
[EventCountry "DEN"]

1. b3 d5 2. e3 Nf6 3. Bb2 Bf5 4. Nf3 e6 5. Be2 Be7 6. O-O Nbd7 7. d3 h5 8. Nbd2
c6 9. Ne5 Nc5 10. h3 g5 11. b4 Na4 12. Bd4 c5 13. bxc5 Nxc5 14. Nb3 Qc7 15. Rc1
Bd6 16. Nf3 e5 17. Bxe5 Bxe5 18. Nxc5 Bd6 19. Nb3 g4 20. Nh4 Be6 21. Nd4 Qd7
22. Nxe6 Qxe6 23. c4 gxh3 24. g3 Ke7 25. cxd5 Nxd5 26. e4 Nf6 27. Qb3 Qxb3 28.
axb3 Rag8 29. Kh2 Rg5 30. Kxh3 Rb5 31. Nf5+ Kd7 32. Nxd6 Kxd6 33. Rc3 a5 34. f4
Nd7 35. Rfc1 Rc5 36. d4 Rxc3 37. Rxc3 b6 38. Bb5 Nb8 39. Kh4 Rh6 40. Rc8 1-0

[Event "DM 2021 Basis G7"]
[Site "Svendborg"]
[Date "2021.10.22"]
[Round "5.9"]
[White "Kaergaard, Sissel"]
[Black "Kreiman, Steffanie Riis"]
[Result "1-0"]
[WhiteElo "1666"]
[BlackElo "1023"]
[PlyCount "73"]
[EventDate "2021.10.18"]
[EventType "swiss"]
[EventRounds "7"]
[EventCountry "DEN"]

1. d4 d5 2. c4 c6 3. Nf3 Bg4 4. e3 Nf6 5. Be2 e6 6. Nc3 Be7 7. O-O O-O 8. Ne5
Bxe2 9. Qxe2 Nbd7 10. Nf3 dxc4 11. Qxc4 Nb6 12. Qe2 Qc7 13. Bd2 Rad8 14. Rac1
a6 15. Rfe1 Bd6 16. e4 Ng4 17. e5 Be7 18. h3 Nh6 19. Bxh6 gxh6 20. Ne4 f6 21.
exf6 Bxf6 22. Nc5 Qe7 23. Qxe6+ Qxe6 24. Nxe6 Rfe8 25. Nxd8 Rxd8 26. Re4 Kf7
27. Rce1 Nd5 28. Ne5+ Kf8 29. Ng4 b5 30. Nxf6 Nxf6 31. Re6 Ng8 32. Rxc6 a5 33.
Re5 Ne7 34. Rf6+ Ke8 35. Rxh6 Rxd4 36. Rxh7 Rd7 37. Rxb5 1-0

[Event "DM 2021 Basis G7"]
[Site "Svendborg"]
[Date "2021.10.22"]
[Round "5.10"]
[White "Skytte, Robert"]
[Black "Jensen, Klaus Bo"]
[Result "1-0"]
[WhiteElo "1247"]
[BlackElo "1069"]
[PlyCount "77"]
[EventDate "2021.10.18"]
[EventType "swiss"]
[EventRounds "7"]
[EventCountry "DEN"]

1. d4 g6 2. Bf4 Bg7 3. e3 a6 4. Nf3 Nf6 5. Be2 O-O 6. O-O Nd5 7. Bg3 c5 8. c3
d6 9. Qb3 Nf6 10. Nbd2 b5 11. a4 c4 12. Qb4 Nc6 13. Qa3 Rb8 14. b3 b4 15. cxb4
Nxb4 16. Qb2 Be6 17. Nxc4 Ne4 18. Rfc1 Nxg3 19. hxg3 Bg4 20. Ncd2 e5 21. Kf1
exd4 22. Nxd4 Bxe2+ 23. Kxe2 Nc6 24. Rxc6 Rb4 25. Rxa6 Re8 26. Kf1 Qf6 27. Kg1
h5 28. Nc4 Reb8 29. Rxd6 Rxb3 30. Rxf6 Rxb2 31. Nxb2 Bxf6 32. Nd3 Bxd4 33. exd4
Rd8 34. a5 Rxd4 35. Nc5 Kf8 36. a6 Rd8 37. a7 Ra8 38. Nd7+ Ke8 39. Nb6 1-0

[Event "DM 2021 Basis G7"]
[Site "Svendborg"]
[Date "2021.10.23"]
[Round "6.1"]
[White "Haarh, Simon Bjork"]
[Black "Gregor, Bjarke"]
[Result "1-0"]
[WhiteElo "1397"]
[BlackElo "2071"]
[PlyCount "37"]
[EventDate "2021.10.18"]
[EventType "swiss"]
[EventRounds "7"]
[EventCountry "DEN"]

1. e4 c5 2. Nf3 d6 3. d4 cxd4 4. Nxd4 Nf6 5. Nc3 a6 6. Bc4 e6 7. Bb3 Nc6 8. Be3
Be7 9. f4 Qc7 10. O-O Na5 11. Qf3 O-O 12. f5 Nxb3 13. axb3 Bd7 14. g4 d5 15. g5
Nxe4 16. f6 gxf6 17. gxf6 Nxf6 18. Bg5 Kg7 19. Bxf6+ 1-0

[Event "DM 2021 Basis G7"]
[Site "Svendborg"]
[Date "2021.10.23"]
[Round "6.2"]
[White "Zander, Emil"]
[Black "Gottschalck, Christian"]
[Result "1-0"]
[WhiteElo "1774"]
[BlackElo "1673"]
[PlyCount "41"]
[EventDate "2021.10.18"]
[EventType "swiss"]
[EventRounds "7"]
[EventCountry "DEN"]

1. e4 d5 2. exd5 Nf6 3. d4 Nxd5 4. Nf3 Bg4 5. Be2 e6 6. O-O Be7 7. c4 Nf6 8.
Nc3 c6 9. Bf4 Nbd7 10. d5 cxd5 11. cxd5 exd5 12. Nxd5 Nxd5 13. Qxd5 Nc5 14.
Bb5+ Kf8 15. Qe5 Nd3 16. Bxd3 Qxd3 17. Rad1 Qf5 18. Qe3 Qe6 19. Qd3 Bf5 20. Qb5
b6 21. Nd4 1-0

[Event "DM 2021 Basis G7"]
[Site "Svendborg"]
[Date "2021.10.23"]
[Round "6.3"]
[White "Christensen, Michael Leon"]
[Black "Svendsen, Peter Willer"]
[Result "0-1"]
[WhiteElo "1698"]
[BlackElo "1954"]
[PlyCount "52"]
[EventDate "2021.10.18"]
[EventType "swiss"]
[EventRounds "7"]
[EventCountry "DEN"]

1. d4 d5 2. c4 e6 3. Nc3 Nf6 4. Bf4 Be7 5. e3 b6 6. Nf3 Bb7 7. cxd5 exd5 8. Rc1
O-O 9. Bd3 c5 10. O-O Nc6 11. Ne5 Re8 12. Bb5 Nxe5 13. Bxe8 Ng6 14. Ba4 cxd4
15. Qxd4 Bc5 16. Qd2 Nxf4 17. exf4 d4 18. Nd1 Qd5 19. f3 d3+ 20. Kh1 Nh5 21.
Nf2 Qd4 22. Bb3 Rd8 23. a3 Qf6 24. Ng4 Qf5 25. Ne5 Ng3+ 26. hxg3 Qh5# 0-1

[Event "DM 2021 Basis G7"]
[Site "Svendborg"]
[Date "2021.10.23"]
[Round "6.4"]
[White "Hollesen, Kurt"]
[Black "Hansen, Martin"]
[Result "1-0"]
[WhiteElo "1886"]
[BlackElo "1711"]
[PlyCount "81"]
[EventDate "2021.10.18"]
[EventType "swiss"]
[EventRounds "7"]
[EventCountry "DEN"]

1. e4 e6 2. d4 d5 3. Nc3 Nf6 4. Bg5 Be7 5. exd5 Nxd5 6. Bxe7 Qxe7 7. Nge2 O-O
8. g3 Bd7 9. Bg2 Bc6 10. Nxd5 Bxd5 11. O-O Bxg2 12. Kxg2 Nc6 13. c3 Rad8 14.
Qb3 Qd7 15. Kg1 e5 16. Rad1 Qg4 17. f3 Qg5 18. Qxb7 Qe3+ 19. Rf2 Rd6 20. Qxc7
Rfd8 21. d5 R8d7 22. Qc8+ Rd8 23. Qb7 R8d7 24. Qb5 a6 25. Qc4 Qb6 26. Qe4 f6
27. b3 Qa5 28. c4 Qc5 29. Rb1 Ne7 30. b4 Qc8 31. Nc3 g6 32. Rd1 Nc6 33. c5 f5
34. Qc4 Nd4 35. f4 Nb5 36. Nxb5 axb5 37. Qb3 Ra6 38. c6 Rf7 39. fxe5 Qc7 40. d6
Qxc6 41. e6 1-0

[Event "DM 2021 Basis G7"]
[Site "Svendborg"]
[Date "2021.10.23"]
[Round "6.5"]
[White "Gehrig, Bruno"]
[Black "Andersen, Rune Egede"]
[Result "0-1"]
[WhiteElo "1690"]
[BlackElo "1999"]
[PlyCount "82"]
[EventDate "2021.10.18"]
[EventType "swiss"]
[EventRounds "7"]
[EventCountry "DEN"]

1. Nf3 Nf6 2. d4 e6 3. c4 b6 4. g3 Bb7 5. Bg2 Be7 6. Nc3 d5 7. Ne5 c5 8. Qa4+
Nbd7 9. cxd5 O-O 10. Nc6 Bxc6 11. dxc6 b5 12. Nxb5 Nb6 13. Qc2 a6 14. dxc5 Nbd5
15. Nd6 Qc7 16. e4 Nb4 17. Qc3 Rab8 18. a3 Nxc6 19. e5 Nd7 20. Bxc6 Qxc6 21.
O-O f6 22. Bf4 g5 23. Bd2 Nxe5 24. f4 Nf7 25. Nxf7 Bxc5+ 26. Be3 Rxb2 27. Rf2
Rxf2 28. Nh6+ Kg7 29. Nf5+ exf5 30. Kxf2 Bxe3+ 31. Qxe3 Re8 32. Rc1 Rxe3 33.
Rxc6 Rxa3 34. fxg5 fxg5 35. Rc5 Kg6 36. Rc6+ Kh5 37. Rc5 Kg4 38. h3+ Kxh3 39.
Rxf5 Ra2+ 40. Kf3 g4+ 41. Kf4 Rf2+ 0-1

[Event "DM 2021 Basis G7"]
[Site "Svendborg"]
[Date "2021.10.23"]
[Round "6.6"]
[White "Kristiansen, Peter"]
[Black "Hansen, Erik"]
[Result "1/2-1/2"]
[WhiteElo "1736"]
[BlackElo "1775"]
[PlyCount "39"]
[EventDate "2021.10.18"]
[EventType "swiss"]
[EventRounds "7"]
[EventCountry "DEN"]

1. b3 e5 2. Bb2 d6 3. e3 Nf6 4. Be2 Nc6 5. d3 Be7 6. Nd2 Be6 7. Ngf3 O-O 8. O-O
h6 9. a3 a5 10. h3 Qc8 11. Nh2 d5 12. Bf3 Rd8 13. e4 dxe4 14. Nxe4 Nd4 15.
Nxf6+ Bxf6 16. Rb1 Bg5 17. Bc1 Bxc1 18. Rxc1 c6 19. Re1 Nxf3+ 20. Qxf3 1/2-1/2

[Event "DM 2021 Basis G7"]
[Site "Svendborg"]
[Date "2021.10.23"]
[Round "6.7"]
[White "Li, Anna Sofie"]
[Black "Skytte, Robert"]
[Result "1-0"]
[WhiteElo "1340"]
[BlackElo "1247"]
[PlyCount "63"]
[EventDate "2021.10.18"]
[EventType "swiss"]
[EventRounds "7"]
[EventCountry "DEN"]

1. d4 d5 2. c4 e6 3. Nf3 c5 4. e3 Nf6 5. Nc3 Nc6 6. b3 cxd4 7. exd4 Bb4 8. Bb2
Ne4 9. Rc1 Qa5 10. Qc2 Qxa2 11. Bd3 Nxc3 12. Bxc3 Bxc3+ 13. Qxc3 dxc4 14. bxc4
a5 15. Ra1 Qxa1+ 16. Qxa1 Nb4 17. Qa3 O-O 18. O-O b6 19. Rb1 Rd8 20. Rxb4 axb4
21. Qxa8 b3 22. Qa3 f6 23. Qxb3 Rd6 24. c5 bxc5 25. dxc5 Rc6 26. Qb5 Bd7 27.
Qb7 Rc7 28. Qxc7 Be8 29. Bc4 Kf8 30. Bxe6 g6 31. Qxh7 Bb5 32. Qf7# 1-0

[Event "DM 2021 Basis G7"]
[Site "Svendborg"]
[Date "2021.10.23"]
[Round "6.8"]
[White "Haagen Larsen, Hans"]
[Black "Kaergaard, Sissel"]
[Result "1-0"]
[WhiteElo "1655"]
[BlackElo "1666"]
[PlyCount "70"]
[EventDate "2021.10.18"]
[EventType "swiss"]
[EventRounds "7"]
[EventCountry "DEN"]

1. b4 d5 2. Bb2 e6 3. e3 Nf6 4. b5 Be7 5. Nf3 O-O 6. c4 c6 7. a4 a6 8. Nc3 Nbd7
9. Be2 Qc7 10. O-O e5 11. d4 e4 12. Nd2 Bb4 13. c5 Bxc3 14. Bxc3 b6 15. cxb6
Qxb6 16. a5 Qc7 17. b6 Qb7 18. f3 Re8 19. f4 c5 20. g4 cxd4 21. Bxd4 Re6 22.
Rc1 Rc6 23. Qa4 Nb8 24. f5 Bd7 25. Qa1 h6 26. h4 Ne8 27. g5 hxg5 28. hxg5 f6
29. g6 Nd6 30. Bg4 Rxc1 31. Rxc1 Nc6 32. Bxf6 Nxf5 33. Bxf5 Bxf5 34. Bd4 Nxd4
35. Qxd4 Qe7 1-0

[Event "DM 2021 Basis G7"]
[Site "Svendborg"]
[Date "2021.10.23"]
[Round "6.9"]
[White "Kreiman, Steffanie Riis"]
[Black "Skarved, Mattias"]
[Result "0-1"]
[WhiteElo "1023"]
[BlackElo "1437"]
[PlyCount "100"]
[EventDate "2021.10.18"]
[EventType "swiss"]
[EventRounds "7"]
[EventCountry "DEN"]

1. e4 c5 2. c3 g6 3. Nf3 Bg7 4. d4 cxd4 5. cxd4 Nf6 6. Nc3 d6 7. Be2 O-O 8. O-O
a6 9. b3 b5 10. Bb2 b4 11. Nb1 Nxe4 12. Nbd2 Nc5 13. Qc1 Ncd7 14. Qc2 Nb6 15.
Qe4 d5 16. Qc2 N8d7 17. a3 bxa3 18. Bxa3 Re8 19. Rfc1 Nf8 20. Qc7 Ne6 21. Qxd8
Nxd8 22. Rc7 Ne6 23. Rc6 Nd7 24. Bb2 Bb7 25. Rc2 Nb8 26. b4 Nc6 27. Nb3 Nxb4
28. Rd2 Nc6 29. Bc3 Nf4 30. Bf1 e5 31. Rda2 e4 32. Nfd2 Ne6 33. Bxa6 Bxa6 34.
Rxa6 Rac8 35. f3 e3 36. Nf1 Ncxd4 37. Bxd4 Nxd4 38. Nxd4 Bxd4 39. Re1 e2+ 40.
Kh1 Bb2 41. Rb6 Bc3 42. Rbb1 Bxe1 43. Rxe1 exf1=Q+ 44. Rxf1 d4 45. Rd1 Rcd8 46.
g4 d3 47. Kg2 Re2+ 48. Kf1 Rxh2 49. Kg1 Rc2 50. Kf1 h5 0-1